000
00299nam a22001097a 4500
008
230620b xxu||||| |||| 00| 0 eng d
082
_a
305.439
_b
UNI 1993
245
_a
Women in Decision-Making: Case-Study on Hungary
260
_a
New York
_b
United Nations
_c
1993
300
_a
III,50p
942
_2
ddc
_c
BK
999
_c
1512
_d
1512